| 000 | 01844cam a2200361 a 4500 | ||
|---|---|---|---|
| 001 | 17032342 | ||
| 003 | OSt | ||
| 005 | 20180117085939.0 | ||
| 008 | 111103s2013 njua b 001 0 eng | ||
| 010 | _a 2011045565 | ||
| 020 | _a9781118022023 (cloth) | ||
| 040 |
_aDLC _cDLC |
||
| 042 | _apcc | ||
| 050 | 0 | 0 |
_aBF637.C6 _bS85 2013 |
| 082 | 0 | 0 |
_a158.3 _223 |
| 100 | 1 | _aSue, Derald Wing. | |
| 245 | 1 | 0 |
_aCounseling the culturally diverse : _btheory and practice / _cDerald Wing Sue, David Sue. |
| 250 | _a6th ed. | ||
| 260 |
_aHoboken, N.J. : _bJohn Wiley & Sons, _cc2013. |
||
| 300 |
_axv, 629 p. : _bill. ; _c25 cm. |
||
| 504 | _aIncludes bibliographical references (p. 543-610) and indexes. | ||
| 650 | 0 | _aCross-cultural counseling. | |
| 700 | 1 | _aSue, David. | |
| 906 |
_a7 _bcbc _corignew _d1 _eecip _f20 _gy-gencatlg |
||
| 942 |
_2ddc _cBK |
||
| 999 |
_c2387 _d2387 |
||